| 000 | 01536cam a22003494a 4500 | ||
|---|---|---|---|
| 001 | 13083664 | ||
| 003 | ARRUPE | ||
| 005 | 20220406093949.0 | ||
| 008 | 030205s2003 nyua b 001 0 eng | ||
| 010 | _a 2003101794 | ||
| 020 | _a0764554891 | ||
| 035 | _a(DLC) 2003101794 | ||
| 040 |
_aDLC _cDLC _dDLC |
||
| 042 | _apcc | ||
| 050 | 0 | 0 |
_aPJ4567.3 _b.J33 2003 |
| 082 | 0 | 0 |
_a492.4/82421 _222 |
| 100 | 1 |
_aJacobs, Jill Suzanne. _951219 |
|
| 245 | 1 | 0 |
_aHebrew for dummies / _cby Jill Suzanne Jacobs. |
| 260 |
_aNew York, NY : _bWiley Pub., _cc2003. |
||
| 300 |
_a362 p. : _bill. ; _c24 cm. + _e1 CD-ROM (4 3/4 in.) |
||
| 500 | _aAccompanied by CD-ROM : Hebrew for dummies : software for the rest of us. | ||
| 500 | _aOn cover: A reference for the rest of us! | ||
| 504 | _aIncludes bibliographical references (p. 299-301) and index. | ||
| 650 | 0 |
_aHebrew language _vTextbooks for foreign speakers _xEnglish. _951220 |
|
| 650 | 0 |
_aHebrew language _vSelf-instruction. _951221 |
|
| 856 | 4 | 2 |
_3Contributor biographical information _uhttp://www.loc.gov/catdir/bios/wiley045/2003101794.html |
| 856 | 4 | 2 |
_3Publisher description _uhttp://www.loc.gov/catdir/description/wiley039/2003101794.html |
| 856 | 4 | 1 |
_3Table of contents _uhttp://www.loc.gov/catdir/toc/wiley032/2003101794.html |
| 906 |
_a7 _bcbc _corignew _d2 _eepcn _f20 _gy-gencatlg |
||
| 942 |
_2lcc _cMONOGRAPH |
||
| 999 |
_c131257 _d131257 |
||